000 00284nam a22001337a 4500
008 180919b xxu||||| |||| 00| 0 eng d
020 _a9780321660503
041 _aeng
080 _a004
100 _a29
101 _aSHKI
245 _aAdobe Flex 4
_cLabriola, M
942 _2udc
_cBK
999 _c48059
_d48059